| 000 | 004850000a22001930004500 | ||
|---|---|---|---|
| 003 | LK-CoMWRAF | ||
| 005 | 20231006092411.0 | ||
| 008 | 230817t1975 ||||| |||| 00| 0 eng d | ||
| 020 | _a086037002X | ||
| 040 |
_aLK-CoMWRAF _dLK-CoMWRAF _eLK-CoMWRAF |
||
| 041 | _aeng | ||
| 082 |
_a297 _bISL |
||
| 245 |
_aIslam : _bIts meaning and message |
||
| 260 |
_aLondon : _bThe Islamic foundation, _c1975 |
||
| 300 | _a279p | ||
| 650 | _aIslam | ||
| 700 |
_aAhmad, Khurshid _eed. |
||
| 942 | _cBK | ||
| 999 |
_c1071 _d1071 |
||